000 00267nam a2200121Ia 4500
008 241002s9999 xx 000 0 und d
082 _a954.6 BEG
100 _aBeaig, Aziz
245 0 _aCaptive Kashmir
260 _aLahore:
_c1957
600 _aHistory
942 _cUC
999 _c18563
_d18563